| 000 | 00866nam a2200241 a 4500 | ||
|---|---|---|---|
| 001 | 3484 | ||
| 003 | CDMR | ||
| 005 | 20131126175348.0 | ||
| 008 | 130130s1987||||||||||||||||||||||||||||d | ||
| 020 | _a9688881538 | ||
| 040 |
_aCDMR _bcat _cCDMR |
||
| 100 | 1 |
_aLevy, Leonard Williams _92504 |
|
| 245 | 1 | 0 |
_aSurgimiento de una prensa libre _cLeonard W. Levy |
| 246 |
_aHerencia de la Represión _b: libertad de expresión y prensa en los orígenes de la historia americana |
||
| 250 | _aEd. rev. i aug. | ||
| 260 |
_aMéxico _c1987 _bPrisma |
||
| 300 | _a401 p. | ||
| 500 | _aEdició augmentada y revisada de: Herencia de la Represión, libertad de expresión y prensa en los orígenes de la historia americana | ||
| 650 | 0 | 4 |
_93073 _aLlibertat d'expressió |
| 650 | 0 | 4 |
_93470 _aPremsa i política |
| 650 | 0 | 4 |
_9257 _aPremsa _zEstats Units d'Amèrica |
| 942 |
_cMON _2udc |
||
| 999 |
_c3484 _d3484 |
||